000 00919nas a2200265 4500
001 BR9211912
003 BR-BrBNA
005 20231205093540.0
007 ta
008 230509b bl.|||p| |||| 00| 00por d
040 _aBR-BrBNA
_bpor
_cBiblioteca Nacional de Agricultura
041 _a(Pt)
072 _aF06
100 1 _aBotrel, M. de A.
100 1 _aAlvim, M.J.
100 1 _aXavier, D.F.
245 1 _aEfeito da irrigacao sobre algumas caracteristicas agronomicas de cultivares de capim-elefante
246 1 _aEffects of irrigation during the dry season on agronomic characteristics of cultivars of Elephant grass
650 _aCAPIM ELEFANTE
650 _aIRRIGACAO
650 _aCARACTERISTICAS AGRONOMICAS
773 0 _tPesquisa Agropecuaria Brasileira (Brazil)
_xISSN 0100-204X
_g(Oct 1991), v. 26(10) p. 1731-1736
_wBR9211912
909 _a202311
_bLúcia
_c55
_dLúcia Elande
942 _2AGRIS
_n0
_cANA
999 _c139109
_d139109